Tính toán trong hải dương học

Na minha lista:
Detalhes bibliográficos
Autor principal: Phạm Văn Huấn
Formato: Livro
Idioma:Undetermined
Publicado em: H. ĐHQG 2003
Assuntos:
Tags: Adicionar Tag
Sem tags, seja o primeiro a adicionar uma tag!
Thư viện lưu trữ: Trung tâm Học liệu Trường Đại học Cần Thơ
LEADER 00496nam a2200193Ia 4500
001 CTU_56487
008 210402s9999 xx 000 0 und d
020 |b 20700 
082 |a 551.46 
082 |b H502 
100 |a Phạm Văn Huấn 
245 0 |a Tính toán trong hải dương học 
245 0 |c Phạm Văn Huấn 
260 |a H. 
260 |b ĐHQG 
260 |c 2003 
650 |a oceanography 
904 |i Minh 
980 |a Trung tâm Học liệu Trường Đại học Cần Thơ